| 000 | 02094nam a22003377a 4500 | ||
|---|---|---|---|
| 001 | 1060 | ||
| 005 | 20230804161608.0 | ||
| 008 | 230719b cb ||||| |||| 00| 0 eng d | ||
| 020 | _a9780448488479 (paperback) | ||
| 020 | _a9780399542367 (hc) | ||
| 040 |
_aDLC _beng _cDLC _erda _dDLC |
||
| 050 | 0 | 0 |
_aGV1312 _b.A54 2016 |
| 082 | 0 | 0 |
_a338.7/61794092 _aB _223 |
| 100 | 1 |
_aAnderson, Kirsten _q(Kirsten Stephanie), _eauthor. |
|
| 245 | 1 | 0 |
_aWho was Milton Bradley? / _cby Kirsten Anderson ; illustrated by Tim Foley. |
| 260 |
_aScholastic : _bPenguin Young Readers, _c2016. |
||
| 300 |
_a106 pages ; _c21 cm. |
||
| 490 | 0 | _aWho was...? | |
| 505 | _aW | ||
| 520 |
_a"Meet the man behind the board games: Milton Bradley. Born in Maine in 1836, Milton Bradley moved with his family to the working-class city of Lowell, Massachusetts, at age 11. His early life consisted of several highs and lows, from graduating high school and attending Harvard to getting laid off and losing his first wife. These experiences gave Bradley the idea for his first board game: The Checkered Game of Life. He produced and sold Life across the country and it quickly became a national sensation. Working with his company, the Milton Bradley Company, he continued to produce board games, crayons, and kid-friendly school supplies for the rest of his life. He is often credited as the father of board games, and the Milton Bradley Company has created Battleship, Jenga, Yahtzee, Trouble, and many more classic games"-- _cProvided by publisher. |
||
| 521 | 1 |
_a830
_bLexile |
|
| 521 | 1 |
_aW
_bRaz-Plus |
|
| 650 | 0 |
_aBoard game industry _zUnited States. |
|
| 650 | 0 |
_aInventors _zUnited States _vBiography _vJuvenile literature. |
|
| 650 | 7 |
_aJUVENILE NONFICTION / Biography & Autobiography / General. _2bisacsh |
|
| 650 | 7 |
_aJUVENILE NONFICTION / Games & Activities / Board Games. _2bisacsh |
|
| 650 | 7 |
_aJUVENILE NONFICTION / History / United States / 19th Century. _2bisacsh |
|
| 700 | 1 |
_aFoley, Tim, _d1962- _eillustrator. |
|
| 906 |
_a7 _bcbc _corignew _d1 _eecip _f20 _gy-gencatlg |
||
| 942 |
_2ddc _cBK _n0 |
||
| 999 |
_c1060 _d1060 |
||